Colección de artículos literarios

Gespeichert in:
Bibliographische Detailangaben
1. Verfasser: Vera, Robustiano (VerfasserIn)
Format: Buch
Sprache:Spanisch
Veröffentlicht: Santiago Imprenta de La República 1881
Ausgabe:1a. ed
Schlagworte:
Tags: Tag hinzufügen
Keine Tags, Fügen Sie den ersten Tag hinzu!

MARC

LEADER 00000nam a2200000 a 4500
001 UCJ4053
003 CL-VaPUC
008 070124e18811100CL |||||||||||||||||spa|d
082 0 4 |a Ch868  |b VER  |2 21 
100 0 |a Vera, Robustiano  |e author  |9 506917 
245 1 0 |a Colección de artículos literarios 
250 |a 1a. ed 
300 |a 274 p 
942 |c BK 
945 |d 20070124 00:00:00  |a rinostro 
260 |a Santiago  |b Imprenta de La República  |c 1881 
500 |a Esta obra se encuentra tambien incluída en un volumen junto a otras tres del mismo autor y con el inventario 101.613-K 
500 |a Compilados por Antonio Blest Infante 
650 0 |a Crítica literaria   |9 269189 
650 0 |a Biografías  |9 255210 
650 7 |a DERECHO PENAL  |2 CL-VaPUC  |9 11 
650 7 |a CRIMINALISMO  |2 CL-VaPUC  |9 506918 
650 0 |a Cuento chileno  |9 352824 
650 0 |a Novela chilena   |9 307631 
583 |a last modification  |c 20170518 01:24:26  |k Rodrigo Vera 
999 |c 320170  |d 320168 
952 |0 0  |1 0  |4 0  |6 CH_868_000000000000000_VER_1881  |7 0  |8 X  |9 398644  |a FDOBUD  |b FDOBUD  |d 2019-11-22  |i 101286K  |o Ch868 VER 1881  |p 101286K  |r 2019-11-22  |w 2019-11-22  |y BK_X  |k BUD